000 00939nam a2200265Ia 4500
003 GCL
008 140319s9999 xx 000 0 ara d
040 _aGCL /
_cGCL
082 0 4 _a341.77
_bج م
100 1 _aحسين عيسى مال الله
245 1 0 _aمجرمو الحرب العراقيون وجرائمهم خلال الاحتلال العراقى للكويت /
_cحسين عيسى مال الله
300 _a414 ص
490 _aكتاب
_v0
650 0 4 _aالعصر الحديث
650 0 4 _aالكويت
650 0 4 _aقانون الاجراءات الجنائية
650 0 4 _aجرائم ضد الاسلام
650 0 4 _aالاحتلال العراقى
650 0 4 _aالجرائم الدولية
650 0 4 _aالاحتلال العراقى (1990 - 1991)
650 0 4 _aجرائم الحرب
650 0 4 _aالكويت - تاريخ
650 0 4 _aجرائم ضد الانسانية
942 _2ddc
_cBK
999 _c41073
_d41073